Statistics for History by picture.... Multiple Choice #01

Click here to take the quiz!

General Stats

  • This quiz has been taken 151 times
  • The average score is 6 of 10

Answer Stats

QuestionAnswer% Correct
Which of the following event happened after 2000
99%
Which of the following is picture of US president
89%
Which of the follwoing Historical place is in Asia
84%
Which of the following Man/Country lived/existed during WW2
82%
Which of the following place is a Mosque
80%
Which of the following man borned before 0CE
76%
Which of the following man was president of his country
52%
Which of the following city once remained most populous city in History
28%
Which of the following man was communist
19%
Which of the following is the flag of former organization
11%

Score Distribution

Percentile by Number Answered

Percent of People with Each Score

Your Score History

You have not taken this quiz